MDQL
is popping MORE tags! Check the
thread
!
Quizzes
Events
Quiz Creation
Community
Videos
Private Events
Remove Ads
Sign In
Join for FREE
Feedback
Dark Mode
Quiz Categories
Sports
Geography
Music
Movies
Television
Just For Fun
Miscellaneous
History
Literature
Language
Science
Gaming
Entertainment
Religion
Holiday
For Kids
Quiz Lab
Recent
Popular Today
Quiz Kudos Today
Editor Picks
Curator Picks
Quizzes by...
Day
Popularity
Type
Ratings
Length
Year
Community
Subscriptions
Recent Discussions
Orange Saloon
Badges
Playlists
Quests
Create
Leaderboards
Showdown
Live 5
Trivia Bingo
Activity
Puzzle Library
Sporcle Events
Private Events
Virtual Trivia
Globe League
Become a Host
Pub Owners
SporcleCon
Opinionation
Our Games
Videos
Blog
Mobile Apps
Partnerships
Remove Ads and Go Orange
Feedback
Movies
Disney
Marvel Cinematic Universe
Movie Resume
Movie Titles
Oscar
Actor
Actress
Director
Pixar
Role
Movie Quotes
Movie Characters
Box Office
Nominee
Best Picture
Star Wars
James Bond
Horror Movies
Movies
Disney
Marvel Cinematic Universe
Movie Resume
Movie Titles
Oscar
Actor
Actress
Director
Pixar
Role
Movie Quotes
Movie Characters
Box Office
Nominee
Best Picture
Star Wars
James Bond
Horror Movies
Random Quiz
Search Sporcle
×
Editor Pick
Editor Pick
Movies
Animation
Click on regions of an image
Click on regions of an image
Picture Click
Best Score? Go Orange.
Who Stole My Voice? Stats
Can you match the following animated movie characters with another character voiced by the same actor?
By
B_Awesome_87
5m
25 Questions
1,120 Plays
1,120 Plays
1,120 Plays
Comments
Comments
Give Quiz Kudos
Give Quiz Kudos
-
- Ratings
hide this ad
Forced Order
Answers have to be entered in order
Answers have to be entered in order
Replay
Link that replays current quiz
Next Quiz
Link to next quiz in quiz playlist
You Got
0%
They Got
Avg Score
49%
Avg Friend Score
Upgrade to see
Score Distribution
Jump to the score distribution portion of the page
Score
0/25
Timer
05:00
0
Plays Today
% Correct
Mushu
Mulan
Eddie Murphy
84.8%
Megamind
Megamind
Will Ferrell
61.9%
Victor Van Dort
Corpse Bride
Johnny Depp
61.9%
Pacha
The Emperor's New Groove
John Goodman
61.3%
Captain Amelia
Treasure Planet
Emma Thompson
60.6%
Lovelace
Happy Feet
Robin Williams
58.4%
Philoctetes
Hercules
Danny DeVito
55.6%
Lenny
Shark Tale
Jack Black
53.5%
Hamm
Toy Story
John Ratzenberger
53.3%
Horton
Horton Hears A Who
Jim Carrey
50.7%
Hammy
Over The Hedge
Steve Carell
50.1%
Banzai
The Lion King
Cheech Marin
47.1%
Stretch
Toy Story 3
Whoopi Goldberg
45.9%
% Correct
North
Rise Of The Guardians
Alec Baldwin
45.8%
B.O.B.
Monsters vs. Aliens
Seth Rogen
44.4%
Sinbad
Sinbad: Legend Of The Seven Seas
Brad Pitt
43.1%
Tulio
The Road To El Dorado
Kevin Kline
42.3%
Batman
The Lego Movie
Will Arnett
42.2%
Heihei
Moana
Alan Tudyk
42.2%
Francis
A Bug's Life
Denis Leary
41.8%
Roddy St. James
Flushed Away
Hugh Jackman
40.9%
Tiberius
The Secret Life Of Pets
Albert Brooks
40.6%
Chick Hicks
Cars
Michael Keaton
40.4%
Turbo
Turbo
Ryan Reynolds
38.8%
Zog
Astro Boy
Samuel L. Jackson
37.5%
Quiz Playlist
Details
Report
Send in Message
Add To Playlist
Picture Click:
Click on regions of an image
Forced Order:
Answers have to be entered in order
Last Updated: Jun 30, 2017
Editor Pick in
Movies
Quiz Scoreboard
CHALLENGE
Sign Up to Join the Scoreboard
Show All
Scores
Hide
Comments
May contain spoilers
Recently Published
Two Season TV Shows II
by 123Four
Television
10m
Image Sorting: Flags VI
by Barbecue
Geography
2m
Find the 'City' Movie
by crazypaving
Movies
60s
More to Explore
Quiz From the Vault
Featured Blog Post
14 Easter Pick-up Lines to Find Eggs With
hide this ad
You Might Also Like...
Tags
Animation Quiz
Movie Characters Quiz
Animated Movie
Character
same
Voice
Voice Acting
Voice Actors
Today's Top Quizzes in Movies
Browse Movies
hide this ad
Today's Top Quizzes in Animation
Browse Animation
Top Contributed Quizzes in Movies
1
Find The 'Big' Movie
2
The ultimate James Bond movie quiz
3
Find The 'Wild' Movie
4
Find The 'Blue' Movie
5
Movies By Plot
6
Hidden Star Wars Character II
7
Pick 5 Posters: Directed by Spielberg
8
Hidden Star Wars Character III
9
Hidden Star Wars Character IV
10
25 Best Actor Nominees (1990s)
Explore More
Trending Topics
Kpop
Marvel
Disney
Anime
NBA
Harry Potter
Crossword
Soccer
Country
Pokémon
The Office
Song
WWE
NFL
Puzzle
hide this ad
More By:
B_Awesome_87
Quiz
Plays
Rating
Category
Featured
Created
Click a Movie, Initially - Animated Movies
181,083
4.63
Movies
Dec 19, 2016
Click a Movie, Initially - Best Picture Winners
143,713
4.58
Movies
Dec 19, 2016
Click a Movie, Initially - Animated Movies II
131,538
4.65
Movies
Dec 21, 2016
Click a Movie, Initially - Animated Movies III
105,052
4.40
Movies
Dec 23, 2016
Click a Movie, Initially - Best Picture Winners II
103,106
4.62
Movies
Dec 21, 2016
Go to Creator's Profile
Score Distribution
Quiz Creator Spotlight
B_Awesome_87
Follow
Send a Message
Quizzes Created
-
Created Quiz Play Count
-
More By This Creator
Popular Quizzes Today
1
Find the US States - No Outlines Minefield
2
Colored Red Africa Blitz
3
Find the 'City' Movie
4
5x2 Blitz: Bands
5
The Countries of the World
6
Find the Countries of Europe - No Outlines Minefield
7
Find the US States
8
US States
More Movies Quizzes
Missing Word: Post-Apocalyptic Movies
Quiz Lab
Trending Quizzes
Colored Red Europe Blitz I
Colored Red Africa Blitz II
Colored Red Europe Blitz II
Colored Red Africa Blitz III
Colored Red Europe Blitz III
Recently Updated
How Do You Spell That?
pecheneg
Godzilla Movies
pecheneg
Grab Bag: 4-10 Letters
pecheneg
2024 March Madness Bracket
pecheneg
Famous TV Couples
Peacemaker
Champions League XIs: Real Madrid
pecheneg
Largest US Cities 1790-2010
pecheneg
Rides in Walt Disney World
pecheneg
Most Oscar Losses (Acting)
pecheneg
Beyoncé Albums
pecheneg
Trending Topics
NBA
Anime
Harry Potter
Kpop
Disney
Marvel
Crossword
Song
The Office
WWE
NFL
Country
Soccer
Pokémon
Puzzle
Your Account Isn't Verified!
In order to create a playlist on Sporcle, you need to verify the email address you used during registration. Go to your
Sporcle Settings
to finish the process.
Report this User
Report this user for behavior that violates our
Community Guidelines
.
Details:
Send Report
Go to the Sporcle.com Mobile Site →
Comments